00720nam a2200169 i 450000100060000000300090000600500170001500700030003200800410003524501150007626000470019130000540023849001080029265000170040083001080041785200250052526690ES-MaACL20230906153502.0t|030110s1912 sp ||||1| spa d00aAsamblea forestal celebrada en Zaragoza del 18 al 23 de septiembre de 1911 : crónica y trabajos presentados. aMadrid : b[s.n.], c1912 (fImp. Alemana) a149 p., [2] h. pleg. [12] h. de lám. ; c22 cm.1 aCuerpo Nacional de Ingenieros de Montes. Inspección de repoblaciones forestales y piscícolas ; v14 4aSivicultura.0 aCuerpo Nacional de Ingenieros de Montes. Inspección de repoblaciones forestales y piscícolas ; v14 aES-MaACLjT-1330-F-2